Provincias de España - Estadísticas

Estadísticas generales
  • Esta prueba ha sido intentada 1.659 veces
  • La puntuación promedio es 38 de 50
Estadísticas de respuestas
Pista Respuesta % Correcto
B Barcelona
95%
M Madrid
94%
V Valencia
92%
SE Sevilla
91%
MU Murcia
87%
Z Zaragoza
87%
GR Granada
85%
MA Malaga
85%
A Alicante
82%
LE León
82%
O Asturias
81%
GE-GI Girona
81%
T Tarragona
81%
TO Toledo
81%
CA Cadiz
80%
CO Córdoba
80%
H Huelva
80%
C La Coruña
80%
AL Almería
79%
L Lerida
79%
SA Salamanca
79%
BA Badajoz
78%
VA Valladolid
78%
HU Huesca
77%
J Jaén
77%
LU Lugo
77%
AB Albacete
76%
CC Cáceres
76%
S Cantabria
75%
CS Castellón
75%
PO Pontevedra
75%
TE Teruel
75%
BU Burgos
74%
OR Orense
74%
SG Segovia
74%
LO La Rioja
73%
PA Navarra
73%
ZA Zamora
72%
AV Ávila
71%
CR Ciudad Real
71%
VI Álava
70%
P Palencia
70%
SO Soria
70%
CU Cuenca
67%
GU Guadalajara
67%
GC Las Palmas
67%
BI Vizcaya
67%
SS Guipúzcoa
63%
PM Islas Baleares
61%
TF Santa Cruz de Tenerife
56%
No se encontraron pruebas coincidentes
Distribución de puntuación
Porcentaje de gente con cada puntuación
Porcentaje por número respondido
Historial de tus puntuaciones
No has intentado esta prueba.